1472 1758 1596 1494 1948 1193 1034 1524 1962 1206 1526 1121 1838 1525 1922 1084 1979 1981 1843 1385 1437 1612 1303 1839 1927 1257 1340 1569 1215 1484 1981 1529 1411 1533 1985 1044 1497 1894 1792 1064 1777 1171 1702 1295 1834 1052 1349 1773 1091 1014 1224 1498 1715 1521 1123 1224 1908 1017 1136 1525 1093 1784 1159 1202 1863 1326 1276 1809 1216 1497 1916 1240 1117 1432 1571 1222 1535 1106 1563 1944 1526 1512 1094 1793 1650 1651 1010 1388 1149 1380 1777 1384 1610 1005 1800 1599 1219 1128 1431 BCNSPRNW ULIB Ver.6.0+V

เปลี่ยนเป็นภาษาไทย

Change to English
 แสดงรายละเอียดบรรณานุกรม
  กลับหน้าหลัก

Brief Record : Get Marc (ISO 2709) : E-mail record : QR code < ปิดหน้าต่าง
LEADER : 00000nam 2200000uu 4500
001    13399127066
003     ULIB
008    020711s2559 th a 000 0 tha d
020    ^a9786162277641
060    ^aWS103^bต-ท
100    ^aตุ๊บปอง
245    ^aทำได้...อยู่ดี ชุดคำพ่อสอน
250    ^aพิมพ์ครั้งที่ 1
260    ^aกรุงเทพฯ :^bบริษัท แปลน ฟอร์ คิดส์ จำกัด,^c2559
300    ^a24 หน้า;^b21 ซม.
650    ^aเด็ก^xการเรียนการสอน
945    ^p95^l0^i006254
999    ^aประนอม เกษจรัล
รายการนี้ยังไม่มีแท็ก
คุณยังไม่ได้ล็อกอิน คุณสามารถมีกิจกรรมร่วมกับเว็บไซต์ได้ แต่ต้องล็อกอินก่อน ::
  ล็อกอิน

รายการสื่อสารสนเทศ

ลำดับที่ ประเภท เลขเรียก/บาร์โค้ด สถานที่ สถานะ
1. วิทยาศาสตร์การแพทย์ และสุขภาพ
วิทยาศาสตร์การแพทย์ และสุขภาพ
WS103 ต-ท ฉ.1 
  Barcode: 006254
ห้องสมุดวิทยาเขตสวรรค์ประชารักษ์
►หนังสือทั่วไป
ถูกยืม กำหนดส่งวันที่ 27 ธันวาคม 2564
  จอง

รายการใกล้เคียง
    ผู้แต่ง [ตุ๊บปอง]

BibComment


ยังไม่เคยถูกคอมเมนท์

คอมเมนท์ทรัพยากรรายการนี้
  คอมเมนท์: ทำได้อยู่ดี ชุดค..


 Copyright 2026. Bcnsprnw @Library